Sri Dnyaneshwari (Record no. 347936)

MARC details
000 -LEADER
fixed length control field 003280000a22001450004500
005 - DATE AND TIME OF LATEST TRANSACTION
control field 20120302055249.0
040 ## - CATALOGING SOURCE
Original cataloging agency MAR
245 ## - TITLE STATEMENT
Title Sri Dnyaneshwari
260 ## - PUBLICATION, DISTRIBUTION, ETC. (IMPRINT)
Place of publication, distribution, etc Solapur:Dnyaneshwari Maawoli Sevaa Mandal,1996.
300 ## - PHYSICAL DESCRIPTION
Extent 500p.
365 ## - TRADE PRICE
Price amount 25/-
650 ## - SUBJECT ADDED ENTRY--TOPICAL TERM
Topical term or geographic name as entry element Sant Vangamaya
650 ## - SUBJECT ADDED ENTRY--TOPICAL TERM
Topical term or geographic name as entry element Dnyaneshwari
942 ## - ADDED ENTRY ELEMENTS (KOHA)
Koha item type Book
Holdings
Withdrawn status Lost status Damaged status Not for loan Home library Current library Date acquired Total Checkouts Barcode Date last seen Price effective from
        Institute For Oriental Study, Thane Institute For Oriental Study, Thane 12/02/2009   IOS-8281 12/02/2009 12/02/2009